000
00255nam a22001217a 4500
008
170310b xxu||||| |||| 00| 0 srb d
041
_a
srb
080
_a
616-002.77
100
_a
7
101
_a
SHM
245
_a
OSTEOLOGJIA
_c
SLJIVIC, B
942
_2
udc
_c
BK
999
_c
7464
_d
7464